000
00275nam a2200121Ia 4500
008
190216s9999||||xx |||||||||||||| ||und||
100
_a
Karna M.N
245
0
_a
Social Change In India
260
_b
Ncrt - Newdelhi
_c
2003
300
_a
109
650
_a
History
942
_c
REF
999
_c
36713
_d
36713